Normal view MARC view

Entry Nombre corporativo

Number of records used in: 1

001 - NÚMERO DE CONTROL

  • campo de control: 22451

003 - IDENTIFICADOR DE NÚMERO DE CONTROL

  • campo de control: OSt

005 - FECHA Y HORA DE LA ÚLTIMA TRANSACCIÓN

  • campo de control: 20221005160213.0

008 - ELEMENTOS DE DATO DE LONGITUD-FIJA

  • campo de control de longitud fija: 221005|| aca||aabn | a|a d

040 ## - FUENTE DE CATALOGACIÓN

  • Centro catalogador/agencia de origen: OSt
  • Centro/agencia transcriptor: OSt

110 ## - ENCABEZAMIENTO-NOMBRE DE ENTIDAD CORPORATIVA

  • Nombre de entidad corporativa o nombre de jurisdicción como elemento de entrada: ESPAÑA
  • Unidad subordinada: Leyes, etc., de comunicaciones

670 ## - FUENTE DE DATOS ENCONTRADOS

  • Cita de la fuente: Work cat.: (OSt)24777: ESPAÑA Leyes, etc., de comunicaciones, Legislación estatal sobre comunicación social /, 2006

Powered by Koha